Loading...
| Current Events | 2 | 10.00 | 100% | 0% | 0% |
| Fine Arts - Classical Music | 2 | 5.00 | 50% | 0% | 0% |
| Fine Arts - Other Fine Arts | 5 | 10.00 | 80% | 20% | 0% |
| Fine Arts - Painting and Sculpture | 3 | 10.00 | 67% | 33% | 0% |
| History - American History | 3 | 16.67 | 100% | 33% | 33% |
| History - European History | 6 | 18.33 | 100% | 50% | 33% |
| History - Other History | 2 | 10.00 | 100% | 0% | 0% |
| History - World History | 1 | 10.00 | 100% | 0% | 0% |
| Literature - American Literature | 2 | 0.00 | 0% | 0% | 0% |
| Literature - British Literature | 3 | 20.00 | 67% | 67% | 67% |
| Literature - European Literature | 4 | 5.00 | 25% | 0% | 25% |
| Literature - World Literature | 5 | 6.00 | 60% | 0% | 0% |
| Mythology | 2 | 15.00 | 100% | 50% | 0% |
| Other Academic | 1 | 20.00 | 100% | 100% | 0% |
| Philosophy | 4 | 10.00 | 100% | 0% | 0% |
| Religion | 3 | 6.67 | 33% | 33% | 0% |
| Science - Biology | 1 | 10.00 | 100% | 0% | 0% |
| Science - Chemistry | 2 | 10.00 | 100% | 0% | 0% |
| Science - Other Science | 3 | 6.67 | 67% | 0% | 0% |
| Social Science | 3 | 10.00 | 67% | 33% | 0% |